Historia Slavorum Occidentis czasopismo historyczne
| Format: | Journal |
|---|---|
| Language: | Polish Czech Slovak |
| PhysicalDescription: | zv. 23 cm |
| Published: |
Toruń
Wydawnictwo Adam Marszałek
2011-
|
| ISSN: | 2084-1213 |
| Subjects: | |
| Online Access: | www.marszalek.com.pl |
MARC
| LEADER | 00000cas a22000001a 4500 | ||
|---|---|---|---|
| 001 | vtls011736399 | ||
| 003 | SK-MaSNL | ||
| 005 | 20260228164254.0 | ||
| 008 | 180115c20119999pl qr p 001 b0pol c | ||
| 022 | |a 2084-1213 | ||
| 040 | |a SVKPO |b slo |c SVKPO |d SVKBB |d SNK |e AACR2 | ||
| 041 | 0 | |a pol |a cze |a slo |b eng | |
| 044 | |a pl |c PL | ||
| 080 | |a 930 |2 2011 | ||
| 080 | |a 94(438) |2 2011 | ||
| 080 | |a 94(437.3) |2 2011 | ||
| 080 | |a 327 |2 2011 | ||
| 210 | 0 | |a Hist. Slav. Occident. | |
| 222 | 0 | |a Historia Slavorum Occidentis | |
| 245 | 0 | 0 | |a Historia Slavorum Occidentis |b czasopismo historyczne |
| 246 | 1 | 1 | |a Historia Slavorum Occidentis |b časopis historický |
| 247 | 0 | 0 | |a Historia Slavorum Occidentis |b historický časopis |
| 260 | |a Toruń |b Wydawnictwo Adam Marszałek |c 2011- | ||
| 300 | |a zv. |c 23 cm | ||
| 310 | |a 4x ročne |b 2017- | ||
| 321 | |a 2x ročne | ||
| 362 | 0 | |a Nr 1 (2011)- | |
| 515 | |a Má aj priebežné číslovanie | ||
| 546 | |a Čiast. text poľ., čes. aj slov., anglické rezumé | ||
| 650 | 0 | 7 | |a historiografia |z Česko |2 SNKPH |9 275630 |
| 650 | 0 | 7 | |a historiografia |z Poľsko |2 SNKPH |9 275631 |
| 651 | 7 | |a Česko |x dejiny |x historiografia |2 SNKPH |9 178812 | |
| 651 | 7 | |a Poľsko |x dejiny |x historiografia |2 SNKPH |9 275632 | |
| 651 | 7 | |a Poľsko |x medzinárodné vzťahy |2 SNKPH |9 275633 | |
| 651 | 7 | |a Česko |x medzinárodné vzťahy |2 SNKPH |9 275634 | |
| 655 | 7 | |a vedecké časopisy |2 SNKPH |9 70520 | |
| 852 | |a Štátna vedecká knižnica v Banskej Bystrici | ||
| 856 | 4 | 1 | |u www.marszalek.com.pl |
| 910 | |a snk | ||
| 999 | |c 12968 |d 14898 | ||
| 952 | |0 0 |1 0 |4 0 |7 0 |8 2 |a SNK |b SNK |d 2023-11-29 |i snk2023/17409 |l 0 |o snkČSC 3815/2020 |p 17A1521328 |r 2026-02-21 19:49:44 |t č. 1-4 |w 2026-02-21 |y PREZ | ||
| 952 | |0 0 |1 0 |4 0 |7 0 |8 2 |a SNK |b SNK |d 2025-08-04 |i snk2025/12611 |l 0 |o snkČSC 3815/2021/1 |p 17A1557211 |r 2026-02-21 20:01:57 |t č. 1-2 |w 2026-02-21 |y PREZ | ||
| 952 | |0 0 |1 0 |4 0 |7 0 |8 2 |a SNK |b SNK |d 2025-08-04 |i snk2025/12612 |l 0 |o snkČSC 3815/2021/2 |p 17A1557212 |r 2026-02-21 20:01:57 |t č. 3-4 |w 2026-02-21 |y PREZ | ||
| 952 | |0 0 |1 0 |4 0 |7 0 |8 2 |a SNK |b SNK |d 2025-08-04 |i snk2025/12613 |l 0 |o snkČSC 3815/12/2022/1 |p 17A1557213 |r 2026-02-21 20:01:57 |t č. 1-2 |w 2026-02-21 |y PREZ | ||
| 952 | |0 0 |1 0 |4 0 |7 0 |8 2 |a SNK |b SNK |d 2025-08-04 |i snk2025/12614 |l 0 |o snkČSC 3815/12/2022/2 |p 17A1557214 |r 2026-02-21 20:01:57 |t č. 3-4 |w 2026-02-21 |y PREZ | ||
| 952 | |0 0 |1 0 |4 0 |7 0 |8 2 |a SNK |b SNK |d 2025-08-04 |i snk2025/12616 |l 0 |o snkČSC 3815/13/2023/1 |p 17A1557215 |r 2026-02-21 20:01:57 |t č. 1-2 |w 2026-02-21 |y PREZ | ||
| 952 | |0 0 |1 0 |4 0 |7 0 |8 2 |a SNK |b SNK |d 2025-08-04 |i snk2025/12617 |l 0 |o snkČSC 3815/13/2023/2 |p 17A1557216 |r 2026-02-21 20:01:57 |t č. 3-4 |w 2026-02-21 |y PREZ | ||
| 952 | |0 0 |1 0 |4 0 |7 0 |8 2 |a SNK |b SNK |d 2021-12-01 |i snk2021/19718 |l 0 |o snkČSC 3815/2019 |p 17A1460808 |r 2026-02-21 21:29:40 |t č. 1-4 |w 2026-02-21 |y PREZ | ||
| 952 | |0 0 |1 0 |4 0 |7 0 |8 2 |a SNK |b SNK |d 2019-09-10 |i snk2019/22690 |l 0 |o snkČSC 3815/2017 |p 17A1368245 |r 2026-02-21 21:52:22 |t č. 1-4 |w 2026-02-21 |y PREZ | ||
| 952 | |0 0 |1 0 |4 0 |7 0 |8 1 |a SNK |b SNK |d 2018-04-12 |i snk2018/8383 |l 0 |o snkČSC 3815/2014 |p 17A1325010 |r 2026-02-21 21:57:14 |t č. 1-2 |w 2026-02-21 |y PREZ | ||
| 952 | |0 0 |1 0 |4 0 |7 0 |8 1 |a SNK |b SNK |d 2018-04-12 |i snk2018/8385 |l 0 |o snkČSC 3815/2015 |p 17A1325011 |r 2026-02-21 21:57:15 |t č. 1-2 |w 2026-02-21 |y PREZ | ||
| 952 | |0 0 |1 0 |4 0 |7 0 |8 1 |a SNK |b SNK |d 2018-04-12 |i snk2018/8387 |l 0 |o snkČSC 3815/2016 |p 17A1325012 |r 2026-02-21 21:57:15 |t č. 1-2 |w 2026-02-21 |y PREZ | ||
| 952 | |0 0 |1 0 |4 0 |7 0 |8 2 |a SNK |b SNK |d 2020-11-10 |i snk2020/20476 |l 0 |o snkČSC 3815/2018 |p 17A1432235 |r 2026-02-21 22:22:56 |t č. 1-4 |w 2026-02-21 |y PREZ | ||


